[Event "Moscow Ivi GP op"]
[Site "Moscow"]
[Date "2025.03.13"]
[Round "9"]
[White "Namitbir, Singh Walia"]
[Black "Egorov, Evgeni"]
[Result "1-0"]
[WhiteElo "2347"]
[BlackElo "2224"]
[PlyCount "71"]
[EventDate "2025.03.08"]
[EventType "swiss"]
[EventRounds "10"]
[EventCountry "RUS"]
[SourceTitle "CB12_2025"]
[SourceDate "2025.03.19"]
[SourceVersion "1"]
[SourceVersionDate "2025.03.19"]
[SourceQuality "1"]

1. e4 g6 2. d4 Bg7 3. Nc3 a6 4. h4 b5 5. h5 b4 6. Nd5 Nc6 7. e5 d6 8. h6 Bf8 9. Bf4 e6 10. Bg5 Qxg5 11. Nxc7+ Kd8 12. Nxa8 Bb7 13. Nb6 Kc7 14. Nf3 Qd8 15. Nc4 d5 16. Nd6 Bxd6 17. exd6+ Qxd6 18. Bd3 Nge7 19. Qe2 Nf5 20. Bxf5 gxf5 21. 0-0-0 f6 22. Qe3 a5 23. g3 Bc8 24. Nd2 a4 25. Kb1 Rg8 26. c3 bxc3 27. Qxc3 f4 28. Qc2 f5 29. Qxa4 fxg3 30. fxg3 Rxg3 31. Rc1 Bd7 32. Nb3 Rxb3 33. axb3 Kd8 34. Rhg1 Ne7 35. Qa8+ Bc8 36. Rxc8+ 1-0

[Event "Moscow Ivi GP op"]
[Site "Moscow"]
[Date "2025.03.11"]
[Round "6"]
[White "Egorov, Evgeni"]
[Black "Zdorov, Egor Vit"]
[Result "1-0"]
[WhiteElo "2224"]
[BlackElo "2211"]
[PlyCount "67"]
[EventDate "2025.03.08"]
[EventType "swiss"]
[EventRounds "10"]
[EventCountry "RUS"]
[SourceTitle "CB12_2025"]
[SourceDate "2025.03.19"]
[SourceVersion "1"]
[SourceVersionDate "2025.03.19"]
[SourceQuality "1"]

1. e4 e5 2. Nf3 Nc6 3. Nc3 Nf6 4. d4 exd4 5. Nxd4 Bb4 6. Nxc6 bxc6 7. Bd3 d5 8. Bd2 0-0 9. 0-0 Rb8 10. Re1 dxe4 11. Nxe4 Nxe4 12. Rxe4 Bxd2 13. Qxd2 Rxb2 14. Qc3 Rb6 15. Ra4 a6 16. Ra5 Qh4 17. a4 c5 18. Rxc5 Bb7 19. h3 Rf6 20. Qd2 Rc6 21. Rxc6 Bxc6 22. Qc3 Qh6 23. a5 Re8 24. Rd1 Qh5 25. f3 Qh6 26. Re1 Rf8 27. Qe5 Qd2 28. Re2 Qc1+ 29. Kh2 h6 30. Qxc7 Bd5 31. Bxa6 Ba8 32. Bd3 Rc8 33. a6 Bd5 34. Qxc8# 1-0

[Event "Moscow Ivi GP"]
[Site "Moscow"]
[Date "2024.10.09"]
[Round "7"]
[White "Egorov, Evgeni"]
[Black "Khudyakov, Stanislav"]
[Result "1-0"]
[WhiteElo "2220"]
[BlackElo "2236"]
[PlyCount "109"]
[EventDate "2024.10.05"]
[EventType "swiss"]
[EventRounds "10"]
[EventCountry "RUS"]
[SourceTitle "CB45_2024"]
[Source "ChessBase"]
[SourceDate "2024.11.06"]
[SourceVersion "1"]
[SourceVersionDate "2024.11.06"]
[SourceQuality "1"]

1. Nc3 d5 2. e4 d4 3. Nce2 e5 4. Ng3 Be6 5. c3 c5 6. Nf3 Bd6 7. Bb5+ Nd7 8. d3 h6 9. 0-0 a6 10. Ba4 Ne7 11. Nxe5 Bxe5 12. f4 b5 13. Bc2 Bf6 14. f5 Bc4 15. dxc4 dxc3 16. b4 Bd4+ 17. Kh1 Nc6 18. bxc5 Nde5 19. cxb5 axb5 20. f6 g6 21. Rb1 Qa5 22. Ne2 Bxc5 23. Nf4 b4 24. Bb3 Nd4 25. Nd5 g5 26. Be3 Nec6 27. Bxd4 Nxd4 28. Qg4 Qd8 29. Bc4 c2 30. Rbc1 Qd7 31. Qxd7+ Kxd7 32. Ne3 b3 33. axb3 Ba3 34. Nxc2 Bxc1 35. Nxd4 Bb2 36. Nc2 Rhc8 37. g3 Ke8 38. Kg2 Kf8 39. Kh3 Ra5 40. Ne3 Re8 41. Nf5 Bxf6 42. Nxh6 Kg7 43. Nf5+ Kh7 44. Nd6 g4+ 45. Kxg4 Rg8+ 46. Kh3 Rg6 47. Nxf7 Kg7 48. Rf5 Ra2 49. e5 Be7 50. e6 Bf6 51. g4 Rc2 52. g5 Be7 53. Kg3 Bb4 54. Ne5 Be1+ 55. Kh3 1-0

[Event "Titled Tuesday intern op 24th Sep Late"]
[Site "Chess.com INT"]
[Date "2024.09.24"]
[Round "2"]
[White "Egorov, Evgeni"]
[Black "Kosakowski, Jakub"]
[Result "0-1"]
[WhiteElo "2220"]
[BlackElo "2514"]
[PlyCount "66"]
[EventDate "2024.09.24"]
[EventType "swiss (blitz)"]
[EventRounds "11"]
[EventCountry "USA"]
[SourceTitle "EXT 2025"]
[Source "ChessBase"]
[SourceDate "2024.10.14"]
[SourceVersion "1"]
[SourceVersionDate "2024.10.14"]
[SourceQuality "1"]

1. e4 c6 2. d4 d5 3. Bd3 dxe4 4. Bxe4 Bf5 5. Bf3 Nf6 6. g4 Bg6 7. h4 h6 8. Ne2 Nbd7 9. Nf4 Be4 10. Bxe4 Nxe4 11. Qe2 Nef6 12. Nc3 Qb6 13. Be3 Qxb2 14. Kd2 Qb4 15. Rab1 Ne4+ 16. Kd3 Nxc3 17. Rxb4 Nxe2 18. Nxe2 0-0-0 19. Rhb1 b6 20. R4b2 Ne5+ 21. Ke4 Nxg4 22. c4 e5 23. dxe5 Nxe3 24. fxe3 Bc5 25. Nd4 Kc7 26. Rf1 Rd7 27. e6 Re8 28. Kf5 fxe6+ 29. Nxe6+ Rxe6 30. Kxe6 Re7+ 31. Kf5 Rf7+ 32. Kg6 Rxf1 33. Kxg7 Bxe3 0-1

[Event "Titled Tuesday intern op 24th Sep Late"]
[Site "Chess.com INT"]
[Date "2024.09.24"]
[Round "8"]
[White "Mikhalsky, Vladimir"]
[Black "Egorov, Evgeni"]
[Result "1-0"]
[WhiteElo "2219"]
[BlackElo "2220"]
[PlyCount "105"]
[EventDate "2024.09.24"]
[EventType "swiss (blitz)"]
[EventRounds "11"]
[EventCountry "USA"]
[SourceTitle "EXT 2025"]
[Source "ChessBase"]
[SourceDate "2024.10.14"]
[SourceVersion "1"]
[SourceVersionDate "2024.10.14"]
[SourceQuality "1"]

1. d4 d5 2. c4 Nc6 3. cxd5 Qxd5 4. Nf3 e5 5. Nc3 Bb4 6. Bd2 Bxc3 7. Bxc3 e4 8. Ne5 e3 9. fxe3 Nf6 10. Qb3 Qxb3 11. axb3 Nxe5 12. dxe5 Ne4 13. g3 b6 14. Bg2 Bb7 15. 0-0 0-0 16. b4 Rfb8 17. Rf4 Ng5 18. Bxb7 Rxb7 19. b5 Nh3+ 20. Kg2 Nxf4+ 21. exf4 a5 22. Rd1 c5 23. bxc6 Rc7 24. Rd6 Rac8 25. Bd4 b5 26. Bb6 Rxc6 27. Bxa5 Rc2 28. Bc3 Rxe2+ 29. Kh3 g6 30. Rb6 h5 31. Rxb5 Re4 32. Rb7 Rec4 33. Kh4 R4c7 34. Rb6 Rc6 35. Rb7 R8c7 36. Rb8+ Rc8 37. Rb7 R6c7 38. Rb6 Re8 39. Kg5 Kh7 40. h3 Ree7 41. g4 hxg4 42. hxg4 Re8 43. Rb5 Rec8 44. Rb6 Kg8 45. f5 gxf5 46. gxf5 Rc4 47. Rb5 Rd8 48. Kf6 Rc6+ 49. e6 Re8 50. Re5 Rb6 51. Re4 Rc8 52. Rg4+ Kh8 53. Kxf7+ 1-0

[Event "Titled Tuesday intern op 17th Sep Late"]
[Site "Chess,com INT"]
[Date "2024.09.17"]
[Round "3"]
[White "Egorov, Evgeni"]
[Black "Demaria, Juan Pablo"]
[Result "1-0"]
[WhiteElo "2220"]
[BlackElo "2215"]
[PlyCount "111"]
[EventDate "2024.09.17"]
[EventType "swiss (blitz)"]
[EventRounds "11"]
[EventCountry "USA"]
[SourceTitle "EXT 2025"]
[Source "ChessBase"]
[SourceDate "2024.10.14"]
[SourceVersion "1"]
[SourceVersionDate "2024.10.14"]
[SourceQuality "1"]

1. e4 c5 2. Nc3 d6 3. Nf3 Nf6 4. e5 dxe5 5. Nxe5 Nbd7 6. d4 cxd4 7. Qxd4 e6 8. Nc4 Bc5 9. Nd6+ Ke7 10. Nxc8+ Rxc8 11. Qh4 h6 12. Be2 Ne5 13. 0-0 Qd4 14. Qxd4 Bxd4 15. Nb5 Bb6 16. c3 Rhd8 17. a4 a6 18. a5 Bc5 19. Na3 Nd3 20. b4 Ba7 21. Nb1 Ne4 22. Be3 Bxe3 23. fxe3 Nxc3 24. Bf3 Rd7 25. Nxc3 Rxc3 26. Rfd1 Nxb4 27. Rxd7+ Kxd7 28. Bxb7 Kc7 29. Rb1 Rc4 30. Bf3 g5 31. Be2 Rc2 32. Bd1 Rd2 33. Bf3 Nc2 34. Rb7+ Kd6 35. Rxf7 Nxe3 36. Ra7 Ra2 37. Rxa6+ Ke5 38. h3 Nc4 39. Bg4 Rxa5 40. Rxe6+ Kf4 41. Kh2 Re5 42. Rxh6 Ne3 43. Rf6+ Ke4 44. Bf3+ Kd4 45. Kg3 Rf5 46. Rxf5 Nxf5+ 47. Kg4 Ke5 48. Kxg5 Nd6 49. g3 Ke6 50. Kg6 Ke7 51. h4 Kf8 52. Bd5 Ne8 53. h5 Nc7 54. Bc4 Ne8 55. h6 Nd6 56. h7 1-0

[Event "St Petersburg Korchnoi Memorial op"]
[Site "St Petersburg"]
[Date "2024.08.22"]
[Round "9"]
[White "Egorov, Evgeni"]
[Black "Simbelov, Roman T"]
[Result "0-1"]
[WhiteElo "2223"]
[BlackElo "2101"]
[PlyCount "86"]
[EventDate "2024.08.17"]
[EventType "swiss"]
[EventRounds "9"]
[EventCountry "RUS"]
[SourceTitle "EXT 2025"]
[Source "ChessBase"]
[SourceDate "2024.10.14"]
[SourceVersion "1"]
[SourceVersionDate "2024.10.14"]
[SourceQuality "1"]

1. e4 e5 2. Nf3 Nc6 3. Nc3 Nf6 4. h3 Bb4 5. Nd5 Bc5 6. Nxf6+ Qxf6 7. Bc4 d6 8. d3 0-0 9. c3 Be6 10. Bb5 Qg6 11. g4 a6 12. Ba4 b5 13. Bc2 Qf6 14. Bg5 Qg6 15. b4 f6 16. Bd2 Bb6 17. a4 d5 18. Qe2 Qf7 19. Bb3 Rad8 20. exd5 Bxd5 21. Bxd5 Qxd5 22. axb5 axb5 23. c4 Qxd3 24. c5 Qd5 25. Be3 Ba7 26. 0-0 Bb8 27. Rfd1 Qe4 28. Nd2 Qxb4 29. Rdb1 Nd4 30. Bxd4 Qxd4 31. Nb3 Qc3 32. Kg2 f5 33. Ra8 c6 34. Na5 Qxc5 35. Qa2+ Rd5 36. gxf5 Kh8 37. Rb2 e4 38. Rc2 Qd6 39. Rxb8 Qxb8 40. Nxc6 Qd6 41. Ne7 Re5 42. Nc8 Qd3 43. Rd2 Qf3+ 0-1

[Event "St Petersburg Korchnoi Memorial op"]
[Site "St Petersburg"]
[Date "2024.08.17"]
[Round "2"]
[White "Popkov, Alexander R"]
[Black "Egorov, Evgeni"]
[Result "1/2-1/2"]
[WhiteElo "1928"]
[BlackElo "2223"]
[PlyCount "111"]
[EventDate "2024.08.17"]
[EventType "swiss"]
[EventRounds "9"]
[EventCountry "RUS"]
[SourceTitle "CBM 221 Extra"]
[Source "ChessBase"]
[SourceDate "2024.09.30"]
[SourceVersion "1"]
[SourceVersionDate "2024.09.30"]
[SourceQuality "1"]

1. d4 d6 2. Nf3 Bg4 3. e4 Nd7 4. Nc3 e5 5. dxe5 dxe5 6. Bc4 c6 7. 0-0 Bc5 8. Qd3 h6 9. Ne2 Qf6 10. Ng3 Rd8 11. Qc3 Ne7 12. Be3 Bxf3 13. Bxc5 Nxc5 14. Qxf3 Qxf3 15. gxf3 b5 16. Be2 Rd2 17. Rfc1 h5 18. b4 h4 19. Nf1 Rxe2 20. bxc5 Rh6 21. Ne3 Rf6 22. a4 Rxf3 23. axb5 cxb5 24. Rxa7 Rfxf2 25. Rb7 Nc6 26. Ra1 Nd8 27. c6 Nxc6 28. Ra8+ Nd8 29. Rbb8 Rxe3 30. Rxd8+ Ke7 31. Kxf2 Rxe4 32. Rd5 b4 33. Ra7+ Ke6 34. Rdd7 f5 35. Rxg7 Rf4+ 36. Kg2 e4 37. Rab7 Rf3 38. Rh7 Rc3 39. Rhc7 h3+ 40. Kg1 Re3 41. Rxb4 Re2 42. Rb3 e3 43. Rb1 Rg2+ 44. Kh1 f4 45. Rh7 Rxc2 46. Rxh3 Ke5 47. Kg1 Rd2 48. Rf1 Rd8 49. Rhf3 Rg8+ 50. Kh1 e2 51. Rxf4 exf1Q+ 52. Rxf1 Rg6 53. h3 Rf6 54. Rg1 Kf5 55. Kh2 Rg6 56. Rf1+ 1/2-1/2

[Event "Titled Tuesday intern op 30th Jul Late"]
[Site "Chess.com INT"]
[Date "2024.07.30"]
[Round "5"]
[White "Djabri, Massinas"]
[Black "Egorov, Evgeni"]
[Result "0-1"]
[WhiteElo "2259"]
[BlackElo "2253"]
[PlyCount "106"]
[EventDate "2024.07.30"]
[EventType "swiss (blitz)"]
[EventRounds "11"]
[EventCountry "USA"]
[SourceTitle "EXT 2025"]
[Source "ChessBase"]
[SourceDate "2024.10.14"]
[SourceVersion "1"]
[SourceVersionDate "2024.10.14"]
[SourceQuality "1"]

1. e4 c5 2. c3 Nc6 3. d4 cxd4 4. cxd4 d5 5. exd5 Qxd5 6. Nf3 e5 7. Nc3 Bb4 8. Bd2 Bxc3 9. Bxc3 e4 10. Ne5 Nxe5 11. dxe5 Ne7 12. Qc2 0-0 13. Rd1 Qxa2 14. Qxe4 Bf5 15. Qc4 Qxc4 16. Bxc4 Rac8 17. Bb3 Be6 18. Bxe6 fxe6 19. Bb4 Rf7 20. 0-0 Nd5 21. Bd6 Rf4 22. Rc1 Rfc4 23. Rxc4 Rxc4 24. g3 Kf7 25. f4 Kg6 26. Rf2 h5 27. Kg2 Kf5 28. Rd2 b5 29. Kf3 g5 30. fxg5 Kxg5 31. Rd3 a5 32. b3 Rc3 33. Rxc3 Nxc3 34. h3 a4 35. bxa4 bxa4 36. g4 Nb5 37. Be7+ Kg6 38. gxh5+ Kxh5 39. Ke3 a3 40. Bxa3 Nxa3 41. Kd4 Nc2+ 42. Kc5 Kg6 43. h4 Kf5 44. h5 Ne1 45. h6 Nd3+ 46. Kd6 Nxe5 47. h7 Ng6 48. Kc5 e5 49. Kc4 Kf4 50. Kc3 Kf3 51. Kd2 e4 52. Kd1 Kf2 53. Kc2 e3 0-1

[Event "Titled Tuesday intern op 30th Jul Late"]
[Site "Chess.com INT"]
[Date "2024.07.30"]
[Round "7"]
[White "Egorov, Evgeni"]
[Black "Skvortsov, Andrei"]
[Result "0-1"]
[WhiteElo "2253"]
[BlackElo "2331"]
[PlyCount "88"]
[EventDate "2024.07.30"]
[EventType "swiss (blitz)"]
[EventRounds "11"]
[EventCountry "USA"]
[SourceTitle "EXT 2025"]
[Source "ChessBase"]
[SourceDate "2024.10.14"]
[SourceVersion "1"]
[SourceVersionDate "2024.10.14"]
[SourceQuality "1"]

1. e4 d5 2. Nc3 d4 3. Nce2 e5 4. Ng3 Be6 5. Nf3 f6 6. c3 Nc6 7. Qa4 a6 8. cxd4 exd4 9. Nf5 b5 10. Bxb5 axb5 11. Qxb5 Bxf5 12. Qxf5 Qd7 13. Qh5+ g6 14. Qb5 Nb4 15. Qc4 Qf7 16. Qxf7+ Kxf7 17. Kd1 c5 18. a3 Nd3 19. Ke2 Nf4+ 20. Kf1 Nd3 21. Ke2 Nf4+ 22. Kf1 Bd6 23. g3 Nd3 24. Ke2 Ne5 25. Ne1 c4 26. f4 d3+ 27. Kd1 Ng4 28. Rf1 Nxh2 29. Rh1 Ng4 30. Rf1 Bc5 31. Nf3 Re8 32. b4 Nf2+ 33. Rxf2 Bxf2 34. e5 Bxg3 35. Bb2 Bxf4 36. b5 g5 37. a4 g4 38. Ne1 h5 39. b6 h4 40. b7 h3 41. e6+ Rxe6 42. a5 h2 43. Be5 Rxe5 44. b8Q h1Q 0-1

[Event "Titled Tuesday intern op 30th Jul Late"]
[Site "Chess.com INT"]
[Date "2024.07.30"]
[Round "6"]
[White "Egorov, Evgeni"]
[Black "Sreyas, Payyappat"]
[Result "1-0"]
[WhiteElo "2253"]
[BlackElo "2084"]
[PlyCount "109"]
[EventDate "2024.07.30"]
[EventType "swiss (blitz)"]
[EventRounds "11"]
[EventCountry "USA"]
[SourceTitle "EXT 2025"]
[Source "ChessBase"]
[SourceDate "2024.10.14"]
[SourceVersion "1"]
[SourceVersionDate "2024.10.14"]
[SourceQuality "1"]

1. e4 c6 2. d4 d5 3. Bd3 dxe4 4. Bxe4 Nf6 5. Bf3 Bf5 6. g4 Bg6 7. h4 h5 8. g5 Nd5 9. Nc3 Nb4 10. Ne4 Qxd4 11. Qe2 Nd7 12. Nh3 Ne5 13. Bg2 0-0-0 14. 0-0 e6 15. Nf4 Bxe4 16. Bxe4 f5 17. Bg2 Qc5 18. c3 Nbd3 19. Nxe6 Qc4 20. Nxd8 Bd6 21. b3 Qxh4 22. Rd1 Rxd8 23. Be3 f4 24. Bxa7 f3 25. Bxf3 Nf4 26. Qe4 Nh3+ 27. Kg2 Qxf2+ 28. Kxh3 Nxf3 29. Bxf2 Nxg5+ 30. Kg2 Nxe4 31. Bd4 c5 32. Re1 cxd4 33. Rxe4 dxc3 34. Rc1 Kd7 35. Rxc3 Ra8 36. Rc2 g6 37. Rd2 Ra5 38. b4 Rg5+ 39. Kf1 Rf5+ 40. Ke2 Rf6 41. a4 Kc6 42. b5+ Kc5 43. Red4 Re6+ 44. Kf3 Be5 45. Rd5+ Kb4 46. Rd7 Kxa4 47. Rxb7 Rf6+ 48. Ke4 Bc3 49. b6 Bxd2 50. Ra7+ Kb5 51. b7 Rb6 52. Ra2 Bg5 53. Rb2+ Kc6 54. Rxb6+ Kxb6 55. b8Q+ 1-0

[Event "Titled Tuesday intern op 30th Jul Late"]
[Site "Chess.com INT"]
[Date "2024.07.30"]
[Round "3"]
[White "Egorov, Evgeni"]
[Black "Starcevic, Ante Leon"]
[Result "0-1"]
[WhiteElo "2253"]
[BlackElo "2175"]
[PlyCount "74"]
[EventDate "2024.07.30"]
[EventType "swiss (blitz)"]
[EventRounds "11"]
[EventCountry "USA"]
[SourceTitle "EXT 2025"]
[Source "ChessBase"]
[SourceDate "2024.10.14"]
[SourceVersion "1"]
[SourceVersionDate "2024.10.14"]
[SourceQuality "1"]

1. e4 g6 2. Nc3 Bg7 3. f4 b6 4. Nf3 Bb7 5. Bc4 e6 6. Bb3 d5 7. Qe2 dxe4 8. Nxe4 Nf6 9. Neg5 0-0 10. h4 h6 11. h5 Nxh5 12. Rxh5 gxh5 13. Ne4 Nd7 14. d3 Nc5 15. Nxc5 bxc5 16. Bd2 Bxf3 17. Qxf3 Qh4+ 18. Ke2 Qg4 19. c3 a5 20. Ba4 Rab8 21. b3 Rfd8 22. Bc6 Rd6 23. Qxg4 hxg4 24. Ba4 f5 25. Rd1 Kf7 26. c4 Bd4 27. Bxa5 Rb7 28. Rh1 Kg6 29. Be8+ Kg7 30. g3 Ra7 31. b4 cxb4 32. Bxb4 Rxa2+ 33. Kd1 c5 34. Bd2 Rda6 35. Bd7 Ra1+ 36. Bc1 Rxc1+ 37. Kxc1 Ra1+ 0-1

[Event "Titled Tuesday intern op 30th Jul Late"]
[Site "Chess.com INT"]
[Date "2024.07.30"]
[Round "8"]
[White "Kollars, Dmitrij"]
[Black "Egorov, Evgeni"]
[Result "1-0"]
[WhiteElo "2656"]
[BlackElo "2253"]
[PlyCount "117"]
[EventDate "2024.07.30"]
[EventType "swiss (blitz)"]
[EventRounds "11"]
[EventCountry "USA"]
[SourceTitle "EXT 2025"]
[Source "ChessBase"]
[SourceDate "2024.10.14"]
[SourceVersion "1"]
[SourceVersionDate "2024.10.14"]
[SourceQuality "1"]

1. e4 c5 2. Nf3 Nc6 3. Bb5 g5 4. Bxc6 dxc6 5. Nxg5 Nf6 6. d3 Rg8 7. 0-0 c4 8. Nc3 h6 9. Nf3 Qa5 10. Kh1 Bg4 11. dxc4 Qh5 12. Bf4 Rd8 13. Qe2 e5 14. Bg3 Bxf3 15. Qxf3 Qxf3 16. gxf3 Rd2 17. Rac1 Bc5 18. Rfd1 Rxd1+ 19. Nxd1 Nd7 20. Ne3 Bxe3 21. fxe3 f6 22. Kg2 Ke7 23. Rd1 Ke6 24. Kf2 h5 25. b3 a5 26. a4 Nc5 27. Kf1 b6 28. Be1 Na6 29. Bc3 c5 30. Kf2 Nb8 31. Rg1 Rxg1 32. Kxg1 Nc6 33. Kf2 Kf7 34. Kg3 Kg6 35. f4 Kh6 36. Kh4 Kg6 37. Kh3 Kh6 38. Kg2 Kg6 39. Kf3 Kh6 40. Ke2 Kg6 41. Be1 Kg7 42. c3 Kg6 43. Kd3 Kg7 44. Kc2 Kg6 45. Kb2 f5 46. exf5+ Kxf5 47. fxe5 Nxe5 48. Bg3 Nd7 49. Kc2 Ke4 50. Kd2 Nf8 51. Bc7 Nd7 52. Ke2 h4 53. h3 Nf6 54. Bxb6 Nh5 55. Bxa5 Ng3+ 56. Kf2 Nf5 57. Bb6 Nxe3 58. Ke2 Nd1 59. Kxd1 1-0

[Event "Moscow op-A 20th"]
[Site "Moscow"]
[Date "2024.07.18"]
[Round "4"]
[White "Kleimenov, Nikolay"]
[Black "Egorov, Evgeni"]
[Result "1-0"]
[WhiteElo "2119"]
[BlackElo "2253"]
[PlyCount "105"]
[EventDate "2024.07.16"]
[EventType "swiss"]
[EventRounds "9"]
[EventCountry "RUS"]
[SourceTitle "CBM 221 Extra"]
[Source "ChessBase"]
[SourceDate "2024.09.30"]
[SourceVersion "1"]
[SourceVersionDate "2024.09.30"]
[SourceQuality "1"]

1. e4 c5 2. Nf3 Nc6 3. Bb5 d6 4. 0-0 Bd7 5. Re1 a6 6. Bf1 Bg4 7. c3 Nf6 8. d4 cxd4 9. cxd4 e5 10. d5 Nd4 11. Be3 Nxf3+ 12. gxf3 Bd7 13. Nd2 Rb8 14. a4 Be7 15. Nc4 b6 16. f4 Ng4 17. Bd2 b5 18. Ba5 Qc8 19. Nb6 Qc5 20. Re2 Nxf2 21. Nxd7 Nh3+ 22. Kg2 Kxd7 23. Rc2 Nxf4+ 24. Kh1 Qe3 25. Qg4+ f5 26. Qxf5+ Ke8 27. Ra3 g6 28. Rc8+ Rxc8 29. Qxc8+ Kf7 30. Qe6+ Nxe6 31. dxe6+ Kxe6 32. Rxe3 Bd8 33. Bxd8 Rxd8 34. axb5 axb5 35. Bxb5 Rb8 36. Bc4+ Kf6 37. b3 Kg5 38. Rf3 Ra8 39. Kg2 h5 40. Bd5 Ra2+ 41. Rf2 Ra1 42. Rb2 Kf4 43. b4 Ra6 44. b5 Rb6 45. Bc6 g5 46. h3 g4 47. hxg4 hxg4 48. Ra2 d5 49. exd5 e4 50. d6 e3 51. d7 Rb8 52. Ra4+ Kf5 53. Re4 1-0

[Event "Moscow op-A 20th"]
[Site "Moscow"]
[Date "2024.07.17"]
[Round "2"]
[White "Denisenko, Denis"]
[Black "Egorov, Evgeni"]
[Result "1/2-1/2"]
[WhiteElo "1989"]
[BlackElo "2253"]
[PlyCount "94"]
[EventDate "2024.07.16"]
[EventType "swiss"]
[EventRounds "9"]
[EventCountry "RUS"]
[SourceTitle "CBM 221 Extra"]
[Source "ChessBase"]
[SourceDate "2024.09.30"]
[SourceVersion "1"]
[SourceVersionDate "2024.09.30"]
[SourceQuality "1"]

1. e4 c5 2. Nf3 Nc6 3. d4 cxd4 4. Nxd4 g6 5. c4 Bg7 6. Be3 Nf6 7. Nc3 Ng4 8. Qxg4 Nxd4 9. Qd1 Ne6 10. Qd2 Qa5 11. Rc1 b6 12. Bd3 Bb7 13. 0-0 0-0 14. Rfd1 Qh5 15. Nd5 Rae8 16. b3 Nc5 17. Bb1 f5 18. exf5 gxf5 19. f4 e6 20. Nc3 Re7 21. b4 Bxc3 22. Rxc3 Rg7 23. Bxc5 bxc5 24. Rg3 Rff7 25. Re1 Qh4 26. Qf2 Rg4 27. Rxg4+ Qxg4 28. a3 Rg7 29. g3 h5 30. Bc2 h4 31. Re3 e5 32. Kf1 exf4 33. Qxf4 Qxf4+ 34. gxf4 Rg4 35. Re5 Rxf4+ 36. Ke2 Rf3 37. Rxc5 Rxa3 38. Bxf5 Ra2+ 39. Ke3 Rxh2 40. Bxd7 Rb2 41. b5 h3 42. Bxh3 Rb3+ 43. Kd4 Rxh3 44. Rc7 Rh7 45. Rxh7 Kxh7 46. Ke5 Bf3 47. Kd6 Be2 1/2-1/2

[Event "Titled Tuesday intern op 09th Jul Late"]
[Site "Chess.com INT"]
[Date "2024.07.09"]
[Round "9"]
[White "Pakleza, Zbigniew"]
[Black "Egorov, Evgeni"]
[Result "1-0"]
[WhiteElo "2489"]
[BlackElo "2253"]
[PlyCount "71"]
[EventDate "2024.07.09"]
[EventType "swiss (blitz)"]
[EventRounds "11"]
[EventCountry "USA"]
[SourceTitle "EXT 2025"]
[Source "ChessBase"]
[SourceDate "2024.10.14"]
[SourceVersion "1"]
[SourceVersionDate "2024.10.14"]
[SourceQuality "1"]

1. d4 d5 2. Nf3 Nc6 3. Bf4 Bg4 4. Nbd2 e6 5. h3 Bh5 6. c3 Bd6 7. Bxd6 cxd6 8. Qb3 Rb8 9. e3 Nf6 10. Be2 0-0 11. 0-0 b5 12. Rfc1 Qb6 13. Qd1 Rfc8 14. b4 a5 15. a3 h6 16. Rab1 Bg6 17. Rb2 Qa7 18. a4 axb4 19. axb5 bxc3 20. Rxc3 Ne7 21. Qc1 Rxc3 22. Qxc3 Qa1+ 23. Kh2 Rc8 24. Qb4 Rc1 25. Nf1 Rxf1 26. Bxf1 Qxf1 27. b6 Ne4 28. b7 Nc6 29. Qa4 Qc4 30. Qxc6 Qxc6 31. b8Q+ Kh7 32. Qf8 Nf6 33. Rb8 Bh5 34. Nh4 Ne8 35. Rxe8 f5 36. Qh8# 1-0

[Event "Titled Tuesday intern op 02nd Jul Late"]
[Site "Chess.com INT"]
[Date "2024.07.02"]
[Round "3"]
[White "Egorov, Evgeni"]
[Black "Radhakrishnan, Sharath"]
[Result "1-0"]
[WhiteElo "2253"]
[BlackElo "2033"]
[PlyCount "124"]
[EventDate "2024.07.02"]
[EventType "swiss (blitz)"]
[EventRounds "11"]
[EventCountry "USA"]
[SourceTitle "EXT 2025"]
[Source "ChessBase"]
[SourceDate "2024.10.14"]
[SourceVersion "1"]
[SourceVersionDate "2024.10.14"]
[SourceQuality "1"]

1. e4 e5 2. Bc4 Nf6 3. d3 Nc6 4. Nc3 Bc5 5. f4 d6 6. Nf3 0-0 7. f5 a6 8. Bg5 h6 9. Bh4 b5 10. Bb3 Nb8 11. g4 c6 12. g5 Ng4 13. g6 Qc7 14. gxf7+ Kh8 15. Qe2 a5 16. a4 b4 17. Nd1 d5 18. Ng5 Nf6 19. Ne6 Bxe6 20. fxe6 Qe7 21. Rf1 Qxe6 22. Bxf6 gxf6 23. Qh5 Kh7 24. Nf2 f5 25. Nh3 Qg6 26. Qxg6+ Kxg6 27. Rxf5 Rxf7 28. Rxf7 Kxf7 29. exd5 Ke7 30. Ke2 cxd5 31. Bxd5 Ra6 32. Rf1 Rf6 33. Rxf6 Kxf6 34. Nf2 Bxf2 35. Kxf2 Nd7 36. Ke3 Nb6 37. Bc6 Kf5 38. c3 b3 39. Kf3 Ke6 40. Ke4 Kd6 41. Bb5 Nc8 42. Bc4 Nb6 43. Bxb3 Nd7 44. Bc2 Nc5+ 45. Ke3 Kd5 46. b3 Nd7 47. b4 Nb6 48. Bb3+ Kc6 49. Ke4 Kd6 50. h4 Nd7 51. Bc4 Nb6 52. bxa5 Nxa4 53. a6 Nxc3+ 54. Kf5 Na4 55. a7 Nb6 56. Kg6 Kc5 57. Kxh6 e4 58. dxe4 Kxc4 59. Kg6 Kd4 60. h5 Kxe4 61. h6 Nc8 62. a8Q+ Ke5 1-0

[Event "Titled Tuesday intern op 02nd Jul Late"]
[Site "Chess.com INT"]
[Date "2024.07.02"]
[Round "2"]
[White "Khakhinov, Ilya"]
[Black "Egorov, Evgeni"]
[Result "0-1"]
[WhiteElo "2236"]
[BlackElo "2253"]
[PlyCount "80"]
[EventDate "2024.07.02"]
[EventType "swiss (blitz)"]
[EventRounds "11"]
[EventCountry "USA"]
[SourceTitle "EXT 2025"]
[Source "ChessBase"]
[SourceDate "2024.10.14"]
[SourceVersion "1"]
[SourceVersionDate "2024.10.14"]
[SourceQuality "1"]

1. e4 c5 2. Nf3 Nc6 3. Bb5 g5 4. Nxg5 Nf6 5. Bc4 e6 6. d3 Rg8 7. g3 d5 8. exd5 exd5 9. Qe2+ Be7 10. Bb5 h6 11. Bxc6+ bxc6 12. Nf3 Bh3 13. Bxh6 Qb6 14. c3 Ng4 15. Bg5 f6 16. Bf4 Kf7 17. Na3 c4 18. Be3 Nxe3 19. fxe3 cxd3 20. Qxd3 Qxb2 21. Nc2 Bg2 22. Kd2 Qb5 23. Qh7+ Rg7 24. Qh5+ Kg8 25. Nfd4 Qc4 26. Rhg1 Be4 27. Qe2 c5 28. Qxc4 dxc4 29. Ne2 Rd8+ 30. Kc1 f5 31. Rb1 Bf6 32. Rb5 Rgd7 33. Rxc5 Bxc2 34. Kxc2 Rd2+ 35. Kc1 Rxe2 36. Rxf5 Bxc3 37. Rc5 Rdd2 38. Rxc4 Rc2+ 39. Kd1 Red2+ 40. Ke1 Rc1# 0-1

[Event "Titled Tuesday intern op 02nd Jul Late"]
[Site "Chess.com INT"]
[Date "2024.07.02"]
[Round "9"]
[White "Pacheco, Daniel"]
[Black "Egorov, Evgeni"]
[Result "1-0"]
[WhiteElo "2203"]
[BlackElo "2253"]
[PlyCount "93"]
[EventDate "2024.07.02"]
[EventType "swiss (blitz)"]
[EventRounds "11"]
[EventCountry "USA"]
[SourceTitle "EXT 2025"]
[Source "ChessBase"]
[SourceDate "2024.10.14"]
[SourceVersion "1"]
[SourceVersionDate "2024.10.14"]
[SourceQuality "1"]

1. d4 d5 2. c4 Nc6 3. Nc3 dxc4 4. e3 e5 5. d5 Nce7 6. Bxc4 Ng6 7. h4 h5 8. Nf3 a6 9. g3 Bg4 10. Be2 Nf6 11. e4 b5 12. Ng5 Bc5 13. f3 Bd7 14. Qc2 Bb6 15. a4 0-0 16. Kf1 b4 17. Nd1 c6 18. dxc6 Rc8 19. Be3 Rxc6 20. Qb3 Rd6 21. Kg2 Bxe3 22. Nxe3 Rd2 23. Rhe1 Nh7 24. Rad1 Rxd1 25. Rxd1 Nxg5 26. hxg5 Qxg5 27. Rxd7 Nf4+ 28. Kf2 Nh3+ 29. Ke1 Qxg3+ 30. Kd2 Ng1 31. Nf5 Qg2 32. Qe3 g6 33. Ne7+ Kg7 34. Nd5 h4 35. Ke1 h3 36. Qf2 Qg5 37. Ne3 Nxe2 38. Kxe2 Rc8 39. Rd1 Qe7 40. Rh1 Qd7 41. Qg3 f6 42. Qxh3 Qxa4 43. Qh7+ Kf8 44. Qh8+ Ke7 45. Rh7+ Kd6 46. Qxc8 Qb5+ 47. Kf2 1-0